Foundations of electromagnetic theory / (Record no. 29742)
[ view plain ]
| 000 -LEADER | |
|---|---|
| fixed length control field | 00711 a2200217 4500 |
| 020 ## - INTERNATIONAL STANDARD BOOK NUMBER | |
| International Standard Book Number | 0321581741 |
| 020 ## - INTERNATIONAL STANDARD BOOK NUMBER | |
| International Standard Book Number | 9780321581747 |
| 082 ## - DEWEY DECIMAL CLASSIFICATION NUMBER | |
| Classification number | 537.1 |
| 090 ## - LOCALLY ASSIGNED LC-TYPE CALL NUMBER (OCLC); LOCAL CALL NUMBER (RLIN) | |
| -- | 1127 |
| -- | 1127 |
| 100 1# - MAIN ENTRY--PERSONAL NAME | |
| Personal name | Reitz, John R. |
| 245 10 - TITLE STATEMENT | |
| Title | Foundations of electromagnetic theory / |
| Statement of responsibility, etc. | John R. Reitz, Frederick J. Milford, Robert W. Christy. |
| 250 ## - EDITION STATEMENT | |
| Edition statement | 4th ed. |
| 260 ## - PUBLICATION, DISTRIBUTION, ETC. | |
| Place of publication, distribution, etc. | [S.l.] : |
| Name of publisher, distributor, etc. | Addison Wesley, |
| Date of publication, distribution, etc. | 1960. |
| 300 ## - PHYSICAL DESCRIPTION | |
| Extent | 630 p. ; |
| Dimensions | 23 cm. |
| 490 1# - SERIES STATEMENT | |
| Series statement | 4th edition. |
| 700 1# - ADDED ENTRY--PERSONAL NAME | |
| Personal name | Milford, Frederick J. |
| 700 1# - ADDED ENTRY--PERSONAL NAME | |
| Personal name | Christy, Robert W. |
| 830 #0 - SERIES ADDED ENTRY--UNIFORM TITLE | |
| Uniform title | 4th edition. |
| 942 ## - ADDED ENTRY ELEMENTS (KOHA) | |
| Institution code [OBSOLETE] | SNS |
| Koha item type | Book |
| Call number prefix | 537.1 REI |
| Withdrawn status | Lost status | Damaged status | Not for loan | Permanent Location | Current Location | Date acquired | Total Checkouts | Full call number | Barcode | Date last seen | Date last checked out | Price effective from | Koha item type |
|---|---|---|---|---|---|---|---|---|---|---|---|---|---|
| School of Natural Sciences (SNS) | School of Natural Sciences (SNS) | 05/26/2016 | 1 | 537.1 REI | SNS0001634 | 08/27/2024 | 08/05/2024 | 05/26/2016 | Book |
